00600nam a22001932a 450000100060000000300080000600500170001400800410003103500510007204000420012304100110016508200260017610000330020224500440023526000380027930000210031750000230033865000450036122589BD-RjUL20211209000826.0140308s1961 enk 000 1 eng d aOCLC ocm02340679 from D950714Ma(BD-RjUL)22654 aDLCcYOMdOCLdUKMdEQOdBD-RjULbeng1 aengrus00a891.734218bEHT 19661 aEhrenburg, Ilya.d1891-1967.14aThe thaw /ctranslated by Manya Harari. aLondon :bMacGibbon & Kee,c1966. a230 p. ;c19 cm. aSequel: The spring07a Russian fiction -- 20th century.